000 00299nam a22001337a 4500
008 180222b xxu||||| |||| 00| 0 eng d
020 _a1890114650
041 _aeng
080 _a616.12
100 _a12
101 _aKAR
245 _aDyslipidemia Essentials
_cBallantyne, CH.M
942 _2udc
_cBK
999 _c43103
_d43103